Statistics for Most visited Websites

Click here to take the quiz!

General Stats

  • This quiz has been taken 166 times
  • The average score is 9 of 30

Answer Stats

#Website% Correct
1Google
92%
28Google Hong Kong
92%
3Facebook
80%
2YouTube
79%
15Instagram
74%
25Pornhub
67%
11Twitter
67%
9Yahoo!
52%
29Yahoo! Japan
52%
10Amazon
50%
5Wikipedia
42%
23Netflix
31%
18Reddit
27%
26Twitch
25%
4Baidu
13%
27LinkedIn
12%
16VK
7%
20Yandex
7%
7Taobao
4%
6Tencent QQ
4%
24Blogspot
3%
8Tmall
3%
22Tmall Login
3%
21Haosou
1%
13Jingdong Mall
1%
30Mail.ru
1%
19Sina Corp.
1%
17Sina Weibo
1%
12Sohu
1%
14Windows Live
1%

Score Distribution

Percentile by Number Answered

Percent of People with Each Score

Your Score History

You have not taken this quiz